| Registos Bibliográficos associados ao registo de autoridade |
|
Etiqueta de registo: 00529nam 22001571i 450 001 1264685 003 http://id.bnportugal.gov.pt/bib/catbnp/1264685 100 ## $a20020801d1886 m y0pory0103 ba 101 0# $apor 102 ## $aPT 200 1# $aResposta... á Faculdade de Teologia o ás Doutrinas que Matensina...$fEgydio Pereira de Oliveira e Azevedo 210 #9 $a[S.l.$cs.n.]$d1886$eCoimbra:$gImp. Independencia) 215 ## $a264 p. [e 1 fh]$d23 cm 700 #1 $aAzevedo,$bEgídio Pereira de Oliveira e,$f1853-19--$3123443 801 #0 $aPT$bBN 801 #1 $aFR$bJOUVE 966 ## $lBN$mFGMON$sR. 10295 V.$x0 997 ## $aBIBEOD
Etiqueta de registo: 00460nam 22001571i 450 001 1264718 003 http://id.bnportugal.gov.pt/bib/catbnp/1264718 100 ## $a20020801d1890 m y0pory0103 ba 101 0# $apor 102 ## $aPT 105 ## $ay z 000yy 106 ## $ar 200 1# $aReligião e critica$fpor Egydio Pereira de Oliveira e Azevedo 210 #9 $aPorto$cLugan & Genelioux,$d1890 215 ## $a333, [1 br.] p.$d23 cm 307 ## $aPrimeiras 8 p. numeradas em romanos 316 ## $aExemplar em mau estado$5PTBN: R. 1725 P. 317 ## $aPert. na f. de rosto: "Bibliotheca do Collegio do Barro" (carimbo)$5PTBN: R. 1725 P. 700 #1 $aAzevedo,$bEgídio Pereira de Oliveira e,$f1853-19--$3123443 712 02 $aCompanhia de Jesus.$bColégio do Barro$c(Torres Vedras)$4390$3721602 801 #0 $aPT$bBN 801 #1 $aFR$bJOUVE 966 ## $lBN$mFGMON$sR. 10317 V.$x0 966 ## $lBN$mFGMON$sR. 1725 P. 976 ## $d20260407$rpmesqui 997 ## $aBIBEOD
Etiqueta de registo: 00738cam 2200205 450 001 761095 003 http://id.bnportugal.gov.pt/bib/catbnp/761095 005 19990109000000.0 095 ## $aPTBN00548484 100 ## $a19940131d1889 k y0pory0103 ba 101 0# $apor 102 ## $aPT 200 1# $a O homem prehistorico$ediscurso na sessão solemne da Academia Conimbricense de Santo Thomaz d'Aquino$fpor Egydio Pereira de Oliveira e Azevedo 210 #9 $aCoimbra$cTyp. das Instituições Christäs,$d1889 215 ## $a[8], 89 p.$d22 cm 700 #1 $aAzevedo,$bEgídio Pereira de Oliveira e,$f1853-19--$3123443 702 #1 $aAranha,$bBrito,$f1833-1914$4390$35991 801 #0 $aPT$bBN$gRPC 966 ## $lBN$mFGMON$sH.G. 6267//4 A. 966 ## $lBN$mFGMON$nAutógrafo de oferta do A. a Brito Aranha$sH.G. 12340//11 V. 997 ## $aBIBEOD 998 ## $aCR748-15
Etiqueta de registo: 00537cam 2200181 450 001 180001 003 http://id.bnportugal.gov.pt/bib/catbnp/180001 005 19981128001700.0 095 ## $aPTBN00187170 100 ## $a19960604d1882 km y0pora0103 ba 101 0# $apor 102 ## $aPT 200 1# $aEstudo sobre as missões no Ultramar$fpor Egydio Pereira d'Oliveira e Azevedo 210 #9 $aPorto$cLivr. de Clavel & Ca. Editores,$d1882 215 ## $aXV, 263, [1] p.$d19 cm 675 ## $a2$vmed$zpor$3288537 700 #1 $aAzevedo,$bEgídio Pereira de Oliveira e,$f1853-19--$3123443 801 #0 $aPT$bBN$gRPC 966 ## $lBN$mFGMON$sR. 37139 P. 997 ## $aBIBEOD
Etiqueta de registo: 00254nam 2200025 450 001 2052587 003 http://id.bnportugal.gov.pt/bib/catbnp/2052587 100 ## $a20200810g18921894m y0pory01030103ba 101 0# $apor 102 ## $aPT 105 ## $ay z 001yy 106 ## $ar 200 1# $aLiçoes de isagoge e hermeneutica sagrada$fpor Egydio Pereira de Oliveira e Azevedo 210 #9 $aCoimbra$cTypographia das Instituições Cristãs,$d1892-1894 215 ## $a2 vols.$d26 cm 316 ## $aNotas manuscritas$5PTBN: VAR. 204 317 ## $aPert. na p. de tít.: «BIBLIOTHECA DO CONVENTO DE VARATOJO» (carimbo)$5PTBN: VAR. 204-205 327 11 $aVolume I: XX, 493, [1 br.] p$aVolume II: Coimbra : Typographia do Seminario, 1894. - XXXII, 519, [3] p. 518 1# $aLições de isagoge e hermenêutica sagrada 620 ## $dCoimbra 700 #1 $aAzevedo,$bEgídio Pereira de Oliveira e,$f1853-19--$3123443 712 02 $aOrdem dos Frades Menores.$bMissionários Apostólicos.$bConvento de Santo António$c(Varatojo, Torres Vedras)$4390$353952 801 #0 $aPT$bBN$gRPC 966 ## $d1º v.$lBN$mFGMON$sVAR. 204 966 ## $d2º v.$lBN$mFGMON$sVAR. 205
|
|
|